000
00258nam a22001097a 4500
082
_a
910
100
_a
Mishra, Satyaveer
_9
79651
245
_a
Tamil Nadu : A Land of Temple
260
_a
Delhi
_b
Advaita Pub
_c
2017
650
_a
Geography
_9
79652
942
_c
BK
999
_c
63287
_d
63287